| 000 | 00809cam a2200217 4500 | ||
|---|---|---|---|
| 001 | WB3744-11 | ||
| 008 | 011120n2001 000 0 eng u | ||
| 035 | _a(Sirsi) u115639 | ||
| 245 | _aBig agents to cut jobs as slowdown fears mount | ||
| 260 | _c2001 | ||
| 490 |
_aEstates Gazette _v(0146) 17 November 2001, 46(1) |
||
| 520 | _aBig property agents are starting to announce redundancies and cost cutting measures as the market starts to go into a downturn. Residential divisions of FPDSavills and Knight Frank are affected by these actions. Medium sized agents are also reviewing their budgets. | ||
| 590 | _aWB | ||
| 650 | _aFPD SAVILLS | ||
| 650 | _aKNIGHT FRANK | ||
| 650 | _aHAMPTONS | ||
| 650 | _aPROPERTY AGENTS | ||
| 650 | _aECONOMIC DOWNTURN | ||
| 690 | _aECONOMIC ISSUES | ||
| 942 | _n0 | ||
| 999 |
_c68866 _d68866 |
||